Elements of physics / (Record no. 8663)

MARC details
000 -LEADER
fixed length control field 00652cam a2200241 i 4500
001 - CONTROL NUMBER
control field 1792221
003 - CONTROL NUMBER IDENTIFIER
control field OSt
005 - DATE AND TIME OF LATEST TRANSACTION
control field 20240619124438.0
008 - FIXED-LENGTH DATA ELEMENTS--GENERAL INFORMATION
fixed length control field 780525s1979 nyuaf 001 0 eng
010 ## - LIBRARY OF CONGRESS CONTROL NUMBER
LC control number 78017919
020 ## - INTERNATIONAL STANDARD BOOK NUMBER
International Standard Book Number 0070586349
040 ## - CATALOGING SOURCE
Original cataloging agency DDC
Transcribing agency MUST
082 00 - DEWEY DECIMAL CLASSIFICATION NUMBER
Classification number 530 SMI 1979
Edition number 22
100 1# - MAIN ENTRY--PERSONAL NAME
Personal name Smith, Alpheus W.
9 (RLIN) 17520
245 10 - TITLE STATEMENT
Title Elements of physics /
Statement of responsibility, etc. Alpheus W. Smith, John N. Cooper.
250 ## - EDITION STATEMENT
Edition statement 9th ed.
260 ## - PUBLICATION, DISTRIBUTION, ETC. (IMPRINT)
Place of publication, distribution, etc. New York :
Name of publisher, distributor, etc. McGraw-Hill,
Date of publication, distribution, etc. c1979.
300 ## - PHYSICAL DESCRIPTION
Extent viii, 674 p.:
Other physical details ill. ;
Dimensions 24 cm.
504 ## - BIBLIOGRAPHY, ETC. NOTE
Bibliography, etc Includes indexes
650 #0 - SUBJECT ADDED ENTRY--TOPICAL TERM
Topical term or geographic name as entry element Physics.
9 (RLIN) 809
700 1# - ADDED ENTRY--PERSONAL NAME
Personal name Cooper, John N.,
9 (RLIN) 17521
942 ## - ADDED ENTRY ELEMENTS (KOHA)
Source of classification or shelving scheme Dewey Decimal Classification
Koha item type Open Shelf
Holdings
Withdrawn status Lost status Source of classification or shelving scheme Damaged status Not for loan Home library Current library Source of acquisition Inventory number Total Checkouts Full call number Barcode Date last seen Koha item type
    Dewey Decimal Classification     MUST Main Library MUST Main Library Purchase 99/13148   530 SMI 1979 2024-20930 19/06/2024 Open Shelf